000 00333nam a22001217a 4500
008 160708b xxu||||| |||| 00| 0 eng d
050 _aBJ1533.C8B3 1922
100 _aBarrie J. M.
_924395
245 _aCourage
_c/ J.M. Barrie
260 _aNew York
_bCharles Scribner's Sons
_c1922
300 _a49p.;
_c17cm
942 _2lcc
_cMONOGRAPH
999 _c124801
_d124801